00759nam a2200181 i 450000100060000000300090000600500170001500700030003200800410003524501980007626000440027430000310031870000290034970000300037885200320040899900170044095201200045785582ES-MaACL20230906175252.0t|041129s1945 sp ||||1| spa d00aJusticia municipal y Registro Civil b: conforme a la Ley de Bases de 19 de julio de 1944 : textos legales comentados y anotados con índices completos / cpor Antonio Luna y Juan A. Vivancos. aMadrid : b[s.n., c1945] (fJ. Cosano) a315, 399, 96 p. ; c18 cm.1 aLuna, Antonio de.9747511 aVivancos, Juan A.9115545 aES-MaACLjB-10174 bR.21635 c85582d85582 00104070aATENEOMbATENEOMcSPBd2008-01-17eSCl0oB-10174p1089428r2023-02-23 00:00:00w2023-02-23yMONOGRAFIA